| 000 | 00358nam a2200121Ia 4500 | ||
|---|---|---|---|
| 005 | 20260326235454.0 | ||
| 008 | 260326s9999||||xx |||||||||||||| ||und|| | ||
| 100 | _aSociedad Colombiana de Arquitectos | ||
| 245 | 0 |
_aCartilla del Espacio Público / _cSociedad Colombiana de Arquitectos |
|
| 260 | _bAlcaldía Mayor de Bogotá | ||
| 650 | _aCOLOMBIA | ||
| 942 | _cBK | ||
| 999 |
_c7885 _d7885 |
||